Colin Trevorrow Filmography - Statistics

General Stats
  • This quiz has been taken 2 times
  • The average score is 4 of 8
Answer Stats
Hint Answer % Correct
2015 Jurassic World
100%
2022 Jurassic World: Dominion
100%
2018 Jurassic World: Fallen Kingdom
50%
2012 Safety Not Guaranteed
50%
2017 The Book of Henry
50%
TBD Intelligent Life
0%
2003 Making Revolution
0%
2019 Star Wars: The Rise of Skywalker
0%
No matching quizzes found
Score Distribution
Percent of People with Each Score
Percentile by Number Answered
Your Score History
You have not taken this quiz